Imaginal Disk - Album (Magdalena Bay) - Statistics

General Stats
  • This quiz has been taken 191 times
  • The average score is 13 of 15
Answer Stats
# Title % Correct
5. Death & Romance
95%
4. Image
95%
1. She Looked Like Me!
94%
6. Fear, Sex
93%
15. The Ballad of Matt & Mica
93%
2. Killing Time
92%
3. (Interlude) True Blue
92%
7. Vampire in the Corner
90%
13. Cry for Me
89%
8. Watching T.V
89%
14. Angel on a Satellite
87%
12. That's My Floor
85%
9. Tunnel Vision
83%
11. Feeling DiskInserted?
78%
10. Love Is Everywhere
75%
No matching quizzes found
Score Distribution
Percent of People with Each Score
Percentile by Number Answered
Your Score History
You have not taken this quiz